000 00610nam a22001697a 4500
003 SGT
020 _a9789351428220
082 _a658.18, RAO
100 _aRAO,P. SUBBA
245 _aINTERNATIONAL BUSINESS TEXT & CASES
250 _a4TH
260 _aNEW DELHI
_bHIMALAYA PUBLICATION HOUSE
_c2015
300 _a622
650 _aINTERNATIONAL BUSINESS
653 _aTHEORIES OF INTERNATIONAL TRADE, INTERNATIONAL BUSINESS ENVIRONMENTAL, COUNTRY EVALUATION AND SELECTION, MODES OF ENTERING INTERNATIONAL BUSINESS, FDI, GLOBALIZATION, WTO,INTERNATIONAL ACCOUNTING, BALANCE OF PAYMENTS
942 _2ddc
_cFCM
_04
999 _c8823
_d8823